UM Logo

Farming system and sustainability of agriculture among farmers in municipality of Hagonoy Davao del Sur/ (Record no. 2335)

MARC details
000 -LEADER
fixed length control field 00660nam a22001577a 4500
008 - FIXED-LENGTH DATA ELEMENTS--GENERAL INFORMATION
fixed length control field 160506b xxu||||| |||| 00| 0 eng d
082 ## - DEWEY DECIMAL CLASSIFICATION NUMBER
Edition number 2013
Classification number UT 0492
Item number F66
100 ## - MAIN ENTRY--PERSONAL NAME
9 (RLIN) 7660
Personal name Flores, Gwen Daryl L.
245 ## - TITLE STATEMENT
Title Farming system and sustainability of agriculture among farmers in municipality of Hagonoy Davao del Sur/
Statement of responsibility, etc. Gwen Daryl L. Flores, Rotche Val C. Daño aaand Jeffrey G. Labajo.
260 ## - PUBLICATION, DISTRIBUTION, ETC. (IMPRINT)
Place of publication, distribution, etc. Digos City:
Name of publisher, distributor, etc. UMDC
Date of publication, distribution, etc. November 2013.
300 ## - PHYSICAL DESCRIPTION
Extent 70 pages;
Dimensions 29.7 cm.
650 #0 - SUBJECT ADDED ENTRY--TOPICAL TERM
9 (RLIN) 7654
Topical term or geographic name as entry element Business Administration
Form subdivision Marketing Management
General subdivision Undergraduate thesis.
700 ## - ADDED ENTRY--PERSONAL NAME
9 (RLIN) 7652
Personal name Daño, Rotche Val C.
700 ## - ADDED ENTRY--PERSONAL NAME
9 (RLIN) 7653
Personal name Labajo, Jeffrey G.
942 ## - ADDED ENTRY ELEMENTS (KOHA)
Source of classification or shelving scheme Dewey Decimal Classification
Koha item type Undergraduate Thesis
Holdings
Withdrawn status Lost status Source of classification or shelving scheme Damaged status Not for loan Collection code Home library Current library Date acquired Total Checkouts Full call number Barcode Date last seen Price effective from Koha item type
    Dewey Decimal Classification     Undergraduate Theses UM Digos College - LIC UM Digos College - LIC 05/06/2016   UT 0492 F66 2013 UT0492 05/06/2016 05/06/2016 Undergraduate Thesis